[Event "Moia op 3rd"]
[Site "Moia"]
[Date "2014.09.26"]
[Round "2"]
[White "Castillo Pascual, Alex"]
[Black "Carvajal Rodriguez, Juan"]
[Result "1-0"]
[WhiteElo "1837"]
[BlackElo "1719"]
[PlyCount "55"]
[EventDate "2014.09.19"]
[EventType "swiss"]
[EventRounds "8"]
[EventCountry "ESP"]
[SourceTitle "EXT 2016"]
[Source "ChessBase"]
[SourceDate "2015.10.08"]
[SourceVersion "1"]
[SourceVersionDate "2015.10.08"]
[SourceQuality "1"]

1. d4 d5 2. c4 e6 3. Nc3 Nf6 4. a3 c5 5. e3 Bd6 6. Nf3 0-0 7. dxc5 Bxc5 8. b4 Bd6 9. Bb2 Bc7 10. Qc2 Nc6 11. Rd1 b6 12. e4 d4 13. b5 Be5 14. bxc6 Qc7 15. Nb5 Qb8 16. Nxe5 Qxe5 17. Bd3 Rd8 18. a4 a6 19. Na3 Qg5 20. 0-0 e5 21. Bc1 Qg6 22. f4 Bh3 23. f5 Qg4 24. Kh1 Rd6 25. gxh3 Qxh3 26. Qg2 Qh4 27. Bg5 Qh5 28. Be2 1-0

[Event "Moia op 3rd"]
[Site "Moia"]
[Date "2014.09.19"]
[Round "1"]
[White "Molina Carretero, Daniel"]
[Black "Castillo Pascual, Alex"]
[Result "1-0"]
[WhiteElo "2152"]
[BlackElo "1837"]
[PlyCount "42"]
[EventDate "2014.09.19"]
[EventType "swiss"]
[EventRounds "8"]
[EventCountry "ESP"]
[SourceTitle "EXT 2016"]
[Source "ChessBase"]
[SourceDate "2015.10.08"]
[SourceVersion "1"]
[SourceVersionDate "2015.10.08"]
[SourceQuality "1"]

1. e4 c5 2. Nf3 d6 3. d4 cxd4 4. Nxd4 a6 5. c4 g6 6. Nc3 Nf6 7. Be2 Bg7 8. Be3 Nc6 9. 0-0 0-0 10. Rc1 Bd7 11. f4 Qc8 12. Nd5 Qd8 13. Bf3 e6 14. Nc3 Rc8 15. b3 Bh6 16. Qd2 Nxd4 17. Bxd4 e5 18. Be3 Bg4 19. f5 Qb6 20. Rce1 Bxf3 21. Rxf3 Kh8 1-0

[Event "Moia op 2nd"]
[Site "Moia"]
[Date "2013.11.08"]
[Round "7"]
[White "Riera Escayola, Josep"]
[Black "Castillo Pascual, Alex"]
[Result "1/2-1/2"]
[WhiteElo "1554"]
[BlackElo "1806"]
[PlyCount "78"]
[EventDate "2013.09.20"]
[EventType "swiss"]
[EventRounds "8"]
[EventCountry "ESP"]
[SourceTitle "EXT 2015"]
[Source "ChessBase"]
[SourceDate "2014.11.20"]
[SourceVersion "1"]
[SourceVersionDate "2014.11.20"]
[SourceQuality "1"]

1. e4 c5 2. Nf3 d6 3. d4 cxd4 4. Nxd4 a6 5. Be2 g6 6. Nc3 Nf6 7. Be3 Bg7 8. Qd2 0-0 9. f3 Nc6 10. 0-0-0 Nxd4 11. Bxd4 b5 12. a3 Bd7 13. Nd5 Nxd5 14. Bxg7 Kxg7 15. Qxd5 Qc7 16. Qd4+ f6 17. g4 Rac8 18. c3 Qc5 19. h4 h6 20. Qxc5 Rxc5 21. Rd5 Rfc8 22. Rhd1 Be6 23. Rxc5 Rxc5 24. Kb1 Bb3 25. Rd4 Rc6 26. f4 e5 27. fxe5 fxe5 28. Rb4 Ba4 29. c4 a5 30. cxb5 axb4 31. bxc6 Bxc6 32. Bd3 bxa3 33. bxa3 d5 34. exd5 Bxd5 35. Be2 g5 36. h5 Kf6 37. Kc2 e4 38. Kd2 Ke5 39. Ke3 Bc6 1/2-1/2

[Event "Moia op 2nd"]
[Site "Moia"]
[Date "2013.09.27"]
[Round "2"]
[White "Castillo Pascual, Alex"]
[Black "Centelles Vivas, Aleix"]
[Result "1-0"]
[WhiteElo "1806"]
[BlackElo "1786"]
[PlyCount "49"]
[EventDate "2013.09.20"]
[EventType "swiss"]
[EventRounds "8"]
[EventCountry "ESP"]
[SourceTitle "EXT 2015"]
[Source "ChessBase"]
[SourceDate "2014.11.20"]
[SourceVersion "1"]
[SourceVersionDate "2014.11.20"]
[SourceQuality "1"]

1. d4 Nf6 2. c4 e6 3. Nc3 b6 4. a3 Bb7 5. Bg5 Be7 6. Bxf6 Bxf6 7. e4 0-0 8. Nf3 c5 9. d5 exd5 10. cxd5 Re8 11. Bd3 Bxc3+ 12. bxc3 Bxd5 13. Nd2 Bxe4 14. Nxe4 d5 15. 0-0 dxe4 16. Bxe4 Na6 17. Bxa8 Qxa8 18. Re1 Nc7 19. Rxe8+ Qxe8 20. Qd2 Ne6 21. Rd1 Qa4 22. Qd7 Qxa3 23. Qe8+ Nf8 24. g3 c4 25. Rd7 1-0